[Event "FIDE World Blitz-ch Women 2018"]
[Site "St. Petersburg"]
[Date "2018.12.29"]
[Round "8.2"]
[White "Koneru, Humpy"]
[Black "Khademalsharieh, Sarasadat"]
[Result "0-1"]
[WhiteElo "2541"]
[BlackElo "2470"]
[Annotator "ChessBase"]
[PlyCount "82"]
[EventDate "2018.12.19"]
[EventType "swiss"]
[EventCountry "RUS"]
[SourceTitle "playchess.com"]
[Source "ChessBase"]
[SourceQuality "1"]

1. d4 Nf6 2. Nf3 d5 3. e3 c5 4. b3 cxd4 5. exd4 g6 6. Bb2 Bg7 7. Bd3 O-O 8. O-O Nc6 9. a3 Ne4 10. Nbd2 Bf5 11. Re1 Nxd2 12. Qxd2 Bxd3 13. Qxd3 Rc8 14. h4 e6 15. h5 Ne7 16. hxg6 hxg6 17. g3 Qc7 18. Re2 Nf5 19. Kg2 Nd6 20. Rh1 Ne4 21. Ne5 Nc3 22. Re3 Ne4 23. c4 Rfd8 24. c5 b6 25. b4 bxc5 26. bxc5 Bxe5 27. dxe5 Qxc5 28. Re2 Kg7 29. f3 Nc3 30. Rc2 d4 31. Qd2 Rh8 32. Rxh8 Rxh8 33. Qf4 Rh5 34. Qf6+ Kg8 35. g4 Rxe5 36. Bc1 g5 37. Rb2 Nb5 38. Bd2 Re2+ 39. Kh3 Qd6 40. f4 Qd5 41. Qd8+ Qxd8 0-1

[Event "FIDE World Blitz-ch Women 2018"]
[Site "St. Petersburg"]
[Date "2018.12.29"]
[Round "8.3"]
[White "Cramling, Pia"]
[Black "Harika, Dronavalli"]
[Result "1/2-1/2"]
[WhiteElo "2465"]
[BlackElo "2494"]
[Annotator "ChessBase"]
[PlyCount "107"]
[EventDate "2018.12.19"]
[EventType "swiss"]
[EventCountry "RUS"]
[SourceTitle "playchess.com"]
[Source "ChessBase"]
[SourceQuality "1"]

1. Nf3 d5 2. d4 Nf6 3. c4 e6 4. g3 Be7 5. Bg2 O-O 6. O-O dxc4 7. Qc2 a6 8. Qxc4 b5 9. Qc2 Bb7 10. Bd2 Bd6 11. Rc1 Nbd7 12. Bf4 Rc8 13. Nbd2 Bxf4 14. gxf4 c5 15. dxc5 Nxc5 16. Qd1 Qd6 17. Nb3 Qxd1+ 18. Rxd1 Na4 19. Rd2 Ne4 20. Rd7 Bc6 21. Ra7 Ra8 22. Rxa8 Bxa8 23. Ne5 Rd8 24. Nd3 Bd5 25. Rc1 Nf6 26. Bxd5 Nxd5 27. Rc6 Ra8 28. Kg2 h6 29. Kf3 Ndb6 30. Na5 Rc8 31. Rxc8+ Nxc8 32. Nc6 Kf8 33. Ncb4 a5 34. Nc6 Ke8 35. Nxa5 Na7 36. Nb3 Kd7 37. Nbc5+ Nxc5 38. Nxc5+ Kd6 39. Nd3 f6 40. b3 Nc6 41. a4 Nd4+ 42. Ke3 Nxb3 43. axb5 g5 44. fxg5 hxg5 45. h3 Na5 46. Kf3 Nc4 47. Kg4 Nd2 48. h4 gxh4 49. Kxh4 Ne4 50. Kh5 Nc3 51. Kg6 Nxe2 52. Kxf6 Nd4 53. Nf4 Nxb5 54. Nxe6 1/2-1/2

[Event "FIDE World Blitz-ch Women 2018"]
[Site "St. Petersburg"]
[Date "2018.12.29"]
[Round "8.4"]
[White "Abdumalik, Zhansaya"]
[Black "Ju, Wenjun"]
[Result "0-1"]
[WhiteElo "2470"]
[BlackElo "2575"]
[Annotator "ChessBase"]
[PlyCount "116"]
[EventDate "2018.12.19"]
[EventType "swiss"]
[EventCountry "RUS"]
[SourceTitle "playchess.com"]
[Source "ChessBase"]
[SourceQuality "1"]

1. e4 e5 2. Nf3 Nf6 3. d4 Nxe4 4. Bd3 d5 5. dxe5 Qd7 6. O-O Nc5 7. Be2 Be7 8. Nd4 Nc6 9. f4 Nxd4 10. Qxd4 Ne6 11. Qd3 g6 12. Nc3 c6 13. Kh1 Ng7 14. Be3 O-O 15. g4 f6 16. Bd4 f5 17. g5 c5 18. Bf2 d4 19. Rad1 b6 20. Bf3 Bb7 21. Qc4+ Kh8 22. Bxb7 Qxb7+ 23. Qd5 Qa6 24. Nb1 Rad8 25. Qb3 c4 26. Qf3 Bc5 27. a3 Rd7 28. Rfe1 Rfd8 29. Nd2 b5 30. Nf1 Qb7 31. Kg2 Ne6 32. Qxb7 Rxb7 33. Kf3 b4 34. Nd2 bxa3 35. bxa3 Rb2 36. Nxc4 Rxc2 37. Nd6 Bxd6 38. exd6 Rxd6 39. Rb1 Rc3+ 40. Kg2 Nxf4+ 41. Kf1 Ne6 42. Rb8+ Kg7 43. Rb7+ Kg8 44. Rxa7 d3 45. Rb1 Rc8 46. Ke1 d2+ 47. Kd1 Nxg5 48. Bg3 Rd5 49. Rab7 Ne4 50. Rb8 Nc3+ 51. Kc2 Rxb8 52. Rxb8+ Kf7 53. Rb7+ Ke6 54. Rb6+ Kd7 55. Rb7+ Kc6 56. Rc7+ Kb6 57. Kxc3 d1=Q 58. Rc4 Rd3+ 0-1

[Event "FIDE World Blitz-ch Women 2018"]
[Site "St. Petersburg"]
[Date "2018.12.29"]
[Round "8.5"]
[White "Tan, Zhongyi"]
[Black "Muzychuk, Mariya"]
[Result "1-0"]
[WhiteElo "2508"]
[BlackElo "2540"]
[Annotator "ChessBase"]
[PlyCount "86"]
[EventDate "2018.12.19"]
[EventType "swiss"]
[EventCountry "RUS"]
[SourceTitle "playchess.com"]
[Source "ChessBase"]
[SourceQuality "1"]

1. Nf3 c5 2. c4 Nc6 3. d4 cxd4 4. Nxd4 Nf6 5. Nc3 e6 6. a3 Bc5 7. Nb3 Bb6 8. c5 Bc7 9. g3 b6 10. Bg2 O-O 11. O-O bxc5 12. Bxc6 dxc6 13. Qxd8 Rxd8 14. Nxc5 Be5 15. Bg5 h6 16. Bxf6 Bxf6 17. Rfd1 Rxd1+ 18. Rxd1 Rb8 19. N3e4 Be7 20. b4 e5 21. Nd6 Bg4 22. f3 Bh5 23. Ndb7 e4 24. g4 Bg6 25. f4 f5 26. h3 Bf6 27. Rd7 Bb2 28. Nd6 fxg4 29. hxg4 Bxa3 30. Ne6 Bxb4 31. Rf7 Kh8 32. Rxg7 Bxd6 33. Rxg6 Rb2 34. e3 Bc5 35. f5 Rc2 36. Ng5 Rf2 37. Nf3 a5 38. Rxh6+ Kg7 39. Rxc6 a4 40. Ra6 Ra2 41. Ng5 a3 42. Nxe4 Rb2 43. Ra8 Rg2+ 1-0

[Event "FIDE World Blitz-ch Women 2018"]
[Site "St. Petersburg"]
[Date "2018.12.29"]
[Round "8.6"]
[White "Danielian, Elina"]
[Black "Gunina, Valentina"]
[Result "0-1"]
[WhiteElo "2427"]
[BlackElo "2496"]
[Annotator "ChessBase"]
[PlyCount "56"]
[EventDate "2018.12.19"]
[EventType "swiss"]
[EventCountry "RUS"]
[SourceTitle "playchess.com"]
[Source "ChessBase"]
[SourceQuality "1"]

1. Nf3 d5 2. c4 e6 3. e3 Nf6 4. Nc3 Be7 5. b3 O-O 6. Bb2 Nbd7 7. Be2 c6 8. Qc2 Bd6 9. h3 Qe7 10. O-O dxc4 11. bxc4 c5 12. Rab1 b6 13. a4 Bb7 14. a5 Rad8 15. axb6 axb6 16. Na4 Bc7 17. Rfd1 e5 18. d3 e4 19. Ne1 Qd6 20. g3 Qe6 21. Kh2 Qf5 22. Bf1 exd3 23. Qxd3 Be4 24. Qb3 Qxf2+ 25. Ng2 Qxg3+ 26. Kg1 Qh2+ 27. Kf2 Bg3+ 28. Ke2 Bxg2 0-1

[Event "FIDE World Blitz-ch Women 2018"]
[Site "St. Petersburg"]
[Date "2018.12.29"]
[Round "8.8"]
[White "Goryachkina, Aleksandra"]
[Black "Bodnaruk, Anastasia"]
[Result "0-1"]
[WhiteElo "2518"]
[BlackElo "2420"]
[Annotator "ChessBase"]
[PlyCount "114"]
[EventDate "2018.12.19"]
[EventType "swiss"]
[EventCountry "RUS"]
[SourceTitle "playchess.com"]
[Source "ChessBase"]
[SourceQuality "1"]

1. d4 Nf6 2. c4 g6 3. Nc3 Bg7 4. e4 d6 5. f3 O-O 6. Nge2 c5 7. Be3 Nc6 8. d5 Na5 9. Ng3 e6 10. Be2 exd5 11. cxd5 a6 12. a4 Re8 13. O-O h5 14. Nh1 Bd7 15. Nf2 Rb8 16. Bf4 Qc7 17. Rc1 b5 18. axb5 axb5 19. b4 Nc4 20. Nxb5 Rxb5 21. Rxc4 Rxb4 22. Rxb4 cxb4 23. Qb3 Qb6 24. Be3 Qa5 25. Rb1 Rb8 26. Bd2 Ne8 27. Kh1 Ba4 28. Qe3 Qc5 29. Qxc5 dxc5 30. Bd3 Nd6 31. Bf4 Rb6 32. e5 Nb5 33. Ne4 Na3 34. Ra1 c4 35. Bxc4 Nxc4 36. Rxa4 b3 37. Ra8+ Bf8 38. Bh6 b2 39. h4 b1=Q+ 40. Kh2 Nxe5 41. Rxf8+ Kh7 42. Bg5 Nxf3+ 43. gxf3 Qb2+ 44. Kg3 Qe5+ 45. Bf4 Qa1 46. Ng5+ Kg7 47. Rxf7+ Kg8 48. Rc7 Qg1+ 49. Kh3 Qf1+ 50. Kg3 Qe1+ 51. Kh3 Rb8 52. d6 Qh1+ 53. Kg3 Qg1+ 54. Kh3 Qd1 55. d7 Rd8 56. Ne4 Qxf3+ 57. Bg3 Qxe4 0-1

[Event "FIDE World Blitz-ch Women 2018"]
[Site "St. Petersburg"]
[Date "2018.12.29"]
[Round "8.9"]
[White "Drozdova, Dina"]
[Black "Ushenina, Anna"]
[Result "1/2-1/2"]
[WhiteElo "2178"]
[BlackElo "2440"]
[Annotator "NA"]
[PlyCount "51"]
[EventDate "2018.12.19"]
[EventType "swiss"]
[EventCountry "RUS"]
[SourceTitle "playchess.com"]
[Source "ChessBase"]
[SourceQuality "1"]

1. d4 d5 2. c4 e6 3. Nc3 Nf6 4. cxd5 Nxd5 5. e4 Nxc3 6. bxc3 c5 7. Bb5+ Bd7 8. Bxd7+ Nxd7 9. Nf3 Be7 10. O-O O-O 11. Rb1 cxd4 12. cxd4 Qc7 13. Be3 Nf6 14. Qd3 Qc6 15. Rfc1 Qxe4 16. Qxe4 Nxe4 17. Rxb7 Bd6 18. g3 a5 19. Ne5 Rfb8 20. Rd7 Rd8 21. Rb7 Rdb8 22. Rd7 Rd8 23. Rb7 Rdb8 24. Rd7 Rd8 25. Rb7 Rdb8 26. Rd7 1/2-1/2

[Event "FIDE World Blitz-ch Women 2018"]
[Site "St. Petersburg"]
[Date "2018.12.29"]
[Round "8.10"]
[White "Galliamova, Alisa"]
[Black "Haussernot, Cecile"]
[Result "1-0"]
[WhiteElo "2444"]
[BlackElo "2196"]
[Annotator "NA"]
[PlyCount "79"]
[EventDate "2018.12.19"]
[EventType "swiss"]
[EventCountry "RUS"]
[SourceTitle "playchess.com"]
[Source "ChessBase"]
[SourceQuality "1"]

1. Nf3 d5 2. g3 Nf6 3. Bg2 c5 4. O-O Nc6 5. d4 e6 6. b3 Be7 7. Bb2 O-O 8. e3 Ne4 9. dxc5 Bxc5 10. Nd4 f5 11. Nd2 e5 12. Nxc6 bxc6 13. Bxe5 Ba6 14. Re1 Qe7 15. Bb2 Bb4 16. c3 Nxc3 17. Bxc3 Bxc3 18. Rc1 d4 19. exd4 Qb4 20. a3 Qxd4 21. Nf3 Qf6 22. Re3 Bb2 23. Rc2 Bxa3 24. Ra2 Rad8 25. Qe1 Qd6 26. h4 Bb4 27. Qc1 Bd3 28. Ng5 h6 29. Ne6 Rfe8 30. Nxd8 Rxd8 31. Qxc6 Qd4 32. Qe6+ Kh7 33. Kh2 Bc5 34. Rd2 Qc3 35. Rexd3 Rxd3 36. Qxf5+ Kh8 37. Qxd3 Qe5 38. Qd8+ Kh7 39. Qd3+ Kh8 40. Re2 1-0

[Event "FIDE World Blitz-ch Women 2018"]
[Site "St. Petersburg"]
[Date "2018.12.29"]
[Round "8.11"]
[White "Garifullina, Leya"]
[Black "Buksa, Nataliya"]
[Result "1/2-1/2"]
[WhiteElo "2132"]
[BlackElo "2410"]
[Annotator "NA"]
[PlyCount "102"]
[EventDate "2018.12.19"]
[EventType "swiss"]
[EventCountry "RUS"]
[SourceTitle "playchess.com"]
[Source "ChessBase"]
[SourceQuality "1"]

1. e4 c5 2. Nf3 Nc6 3. Bb5 g6 4. Bxc6 bxc6 5. O-O Bg7 6. Re1 Nh6 7. c3 O-O 8. d4 cxd4 9. cxd4 d5 10. e5 f6 11. h3 fxe5 12. dxe5 Nf7 13. Nc3 Be6 14. Na4 Bf5 15. Nc5 Qb6 16. Qd4 Nd6 17. Bg5 Nb5 18. Qe3 Rae8 19. Rac1 Nc7 20. Qd2 Bxh3 21. Nd4 Bc8 22. Na4 Qa6 23. Rxc6 Qxa4 24. Rxc7 Qxa2 25. Bxe7 Rf7 26. Bd6 Rxc7 27. Bxc7 Qa4 28. Bd6 Qd7 29. f3 Qf7 30. Nb5 Be6 31. Nc7 Rc8 32. Rc1 Bf8 33. Nxe6 Rxc1+ 34. Qxc1 Qxe6 35. Qc7 d4 36. Qd8 Qf5 37. Bxf8 Qxf8 38. Qxd4 Qe7 39. Qd5+ Kg7 40. b3 Qb4 41. Qd7+ Kh6 42. Qh3+ Kg7 43. Qd7+ Kh6 44. Qxa7 Qe1+ 45. Kh2 Qxe5+ 46. Kg1 Qe1+ 47. Kh2 Qh4+ 48. Kg1 Qe1+ 49. Kh2 Qe5+ 50. Kg1 Qe1+ 51. Kh2 Qh4+ 1/2-1/2

[Event "FIDE World Blitz-ch Women 2018"]
[Site "St. Petersburg"]
[Date "2018.12.29"]
[Round "8.12"]
[White "Gaponenko, Inna"]
[Black "Dzagnidze, Nana"]
[Result "1-0"]
[WhiteElo "2420"]
[BlackElo "2513"]
[Annotator "ChessBase"]
[PlyCount "161"]
[EventDate "2018.12.19"]
[EventType "swiss"]
[EventCountry "RUS"]
[SourceTitle "playchess.com"]
[Source "ChessBase"]
[SourceQuality "1"]

1. e4 c5 2. c3 Nf6 3. e5 Nd5 4. Nf3 e6 5. d4 cxd4 6. cxd4 d6 7. Bc4 Nc6 8. O-O Nb6 9. Bd3 Nb4 10. Bg5 Be7 11. Bxe7 Qxe7 12. Nc3 dxe5 13. dxe5 Bd7 14. Nb5 O-O 15. Nd6 Nxd3 16. Qxd3 Bc6 17. Nd4 Bd5 18. f4 f6 19. b3 Rad8 20. Qe3 a6 21. Rac1 Nc8 22. Nxc8 Rxc8 23. Rxc8 Rxc8 24. Rc1 Rxc1+ 25. Qxc1 fxe5 26. fxe5 h6 27. Qc8+ Kf7 28. Qc1 Qh4 29. Qe3 Qg4 30. Qf2+ Ke7 31. h3 Qg5 32. Nf3 Qc1+ 33. Kh2 Qf4+ 34. Kg1 Kd7 35. Qd2 Qg3 36. Qe1 Qg6 37. Qd2 Kc8 38. Nd4 Kb8 39. Kh2 Qe4 40. Nf3 Qf5 41. Qc3 Qf4+ 42. Kg1 Bxf3 43. Qxf3 Qxe5 44. Qf8+ Kc7 45. Qe7+ Kc6 46. Qe8+ Kb6 47. Qd8+ Qc7 48. Qd2 Qc5+ 49. Kh1 e5 50. Qd8+ Ka7 51. Qd7 Qc1+ 52. Kh2 Qf4+ 53. Kh1 Qf1+ 54. Kh2 Qf4+ 55. Kh1 Qf6 56. Qd5 Qe7 57. Qe4 Kb6 58. Kh2 Kc7 59. Kh1 Qd6 60. Qg4 Qf6 61. Qe2 Qe6 62. Qe4 Qf6 63. Qc4+ Kb8 64. Qe2 Qf4 65. Qd1 Qd4 66. Qh5 e4 67. Qe8+ Ka7 68. Qe7 e3 69. Kh2 Kb6 70. Kg3 Qd3 71. Qb4+ Kc6 72. Qa4+ Kc5 73. Qa5+ Kd4 74. Qb4+ Ke5 75. Qe7+ Kf5 76. Qf7+ Ke5 77. Qe7+ Kd4 78. Qb4+ Ke5 79. Qe7+ Kf5 80. Qf7+ Kg5 81. h4# 1-0

[Event "FIDE World Blitz-ch Women 2018"]
[Site "St. Petersburg"]
[Date "2018.12.29"]
[Round "8.13"]
[White "Mamedjarova, Zeinab"]
[Black "Muzychuk, Anna"]
[Result "1-0"]
[WhiteElo "2338"]
[BlackElo "2569"]
[Annotator "ChessBase"]
[PlyCount "89"]
[EventDate "2018.12.19"]
[EventType "swiss"]
[EventCountry "RUS"]
[SourceTitle "playchess.com"]
[Source "ChessBase"]
[SourceQuality "1"]

1. d4 Nf6 2. Nf3 g6 3. g3 Bg7 4. Bg2 O-O 5. O-O d5 6. b3 c5 7. e3 cxd4 8. exd4 Nc6 9. Bb2 b6 10. Ne5 Bb7 11. Nd2 Rc8 12. a3 e6 13. h3 Qc7 14. Nxc6 Bxc6 15. Rc1 Qb8 16. Nf3 Rfd8 17. Ne5 Bb7 18. Qf3 Ba8 19. Qf4 Qc7 20. c4 Qe7 21. c5 Ne4 22. cxb6 axb6 23. Rxc8 Rxc8 24. Rc1 Rxc1+ 25. Qxc1 Bb7 26. a4 Qb4 27. Qc7 Qe1+ 28. Kh2 Bxe5 29. Qxe5 Qxf2 30. Ba3 Bc8 31. Qc7 Kg7 32. Qe5+ Kg8 33. Qc7 Kg7 34. Qe5+ Qf6 35. Qc7 Qf2 36. Qe5+ Qf6 37. Qc7 Ba6 38. Qxb6 Bf1 39. Qb8 h5 40. Qf4 Bxg2 41. Qxf6+ Kxf6 42. Kxg2 Nd2 43. a5 Nxb3 44. a6 Nxd4 45. Bb2 1-0

[Event "FIDE World Blitz-ch Women 2018"]
[Site "St. Petersburg"]
[Date "2018.12.29"]
[Round "8.14"]
[White "Shuvalova, Polina"]
[Black "Zhao, Xue"]
[Result "0-1"]
[WhiteElo "2441"]
[BlackElo "2485"]
[Annotator "ChessBase"]
[PlyCount "96"]
[EventDate "2018.12.19"]
[EventType "swiss"]
[EventCountry "RUS"]
[SourceTitle "playchess.com"]
[Source "ChessBase"]
[SourceQuality "1"]

1. e4 e5 2. Nf3 Nc6 3. Bb5 Nge7 4. O-O g6 5. c3 Bg7 6. d4 a6 7. Be2 d6 8. d5 Nb8 9. c4 a5 10. Nc3 O-O 11. Be3 Na6 12. Nd2 f5 13. f3 f4 14. Bf2 g5 15. a3 c5 16. b4 b6 17. Nb3 cxb4 18. axb4 Nxb4 19. Nb5 Na6 20. Rb1 Ng6 21. Qc1 Rf7 22. Qa3 Bf8 23. Nc1 Nc5 24. Nd3 h5 25. Nxc5 bxc5 26. Nc3 g4 27. Na4 g3 28. hxg3 fxg3 29. Bxg3 Qg5 30. f4 exf4 31. Be1 Bg4 32. Bf3 Ne5 33. Nb6 Re8 34. Bxg4 hxg4 35. Bd2 g3 36. Bxf4 Rxf4 37. Rb3 Rxf1+ 38. Kxf1 Qf4+ 39. Ke1 Qf2+ 40. Kd1 Qf1+ 41. Kc2 Qxg2+ 42. Kb1 Qxe4+ 43. Ka2 g2 44. Rg3+ Bg7 45. Qb3 Qe2+ 46. Ka3 Rf8 47. Qc3 Rf3 48. Rxf3 Qxf3 0-1

[Event "FIDE World Blitz-ch Women 2018"]
[Site "St. Petersburg"]
[Date "2018.12.29"]
[Round "8.15"]
[White "Vega Gutierrez, Sabrina"]
[Black "Stefanova, Antoaneta"]
[Result "0-1"]
[WhiteElo "2390"]
[BlackElo "2486"]
[Annotator "ChessBase"]
[PlyCount "54"]
[EventDate "2018.12.19"]
[EventType "swiss"]
[EventCountry "RUS"]
[SourceTitle "playchess.com"]
[Source "ChessBase"]
[SourceQuality "1"]

1. e4 c6 2. d4 d5 3. e5 c5 4. dxc5 e6 5. a3 Bxc5 6. b4 Be7 7. Bb2 Nh6 8. Nf3 a5 9. b5 O-O 10. c4 dxc4 11. Nc3 b6 12. Bxc4 Qxd1+ 13. Rxd1 Nd7 14. Ne4 Nc5 15. Nxc5 Bxc5 16. Bd4 Bxa3 17. Bxb6 a4 18. Ke2 Bb7 19. Rd7 Be4 20. Bd4 Rfc8 21. Bd3 Bd5 22. Ra1 Bf8 23. b6 Bc6 24. Ra7 Rab8 25. Ba6 Rd8 26. Rc7 Bxf3+ 27. Ke3 Nf5+ 0-1

[Event "FIDE World Blitz-ch Women 2018"]
[Site "St. Petersburg"]
[Date "2018.12.29"]
[Round "8.16"]
[White "Girya, Olga"]
[Black "Voit, Daria"]
[Result "1/2-1/2"]
[WhiteElo "2454"]
[BlackElo "2358"]
[Annotator "ChessBase"]
[PlyCount "200"]
[EventDate "2018.12.19"]
[EventType "swiss"]
[EventCountry "RUS"]
[SourceTitle "playchess.com"]
[Source "ChessBase"]
[SourceQuality "1"]

1. d4 Nf6 2. Nf3 e6 3. c4 Bb4+ 4. Bd2 c5 5. Bxb4 cxb4 6. e3 O-O 7. Bd3 d6 8. O-O Qc7 9. Qc2 e5 10. Nbd2 Bg4 11. Ng5 h6 12. Nh7 Nxh7 13. Bxh7+ Kh8 14. dxe5 dxe5 15. h3 Be6 16. Bf5 Bxf5 17. Qxf5 Nd7 18. Rfd1 Rad8 19. Nf3 Kg8 20. b3 Rfe8 21. Rd5 e4 22. Nd4 Nf6 23. Rxd8 Rxd8 24. Qb5 Qe7 25. c5 Nd5 26. c6 Nc3 27. Qxb7 Qxb7 28. cxb7 Rb8 29. a3 bxa3 30. Rxa3 Rxb7 31. Ra5 g6 32. Kf1 Kg7 33. Rc5 Na2 34. Re5 f5 35. g4 fxg4 36. hxg4 Nc1 37. Rxe4 Kf6 38. Re6+ Kg5 39. f4+ Kxg4 40. Rxg6+ Kh5 41. Ra6 Nxb3 42. Nf5 Kg4 43. Nxh6+ Kf3 44. Kg1 Nc5 45. Ra5 Ne4 46. Nf5 Rb1+ 47. Kh2 Rb2+ 48. Kg1 Rg2+ 49. Kf1 Rf2+ 50. Ke1 Rb2 51. Ra1 Rh2 52. Nd4+ Kxe3 53. Nf5+ Kxf4 54. Ne3 Kxe3 55. Ra3+ Kf4 56. Rxa7 Rh1+ 57. Ke2 Rh2+ 58. Kd3 Rd2+ 59. Kc4 Rd8 60. Rh7 Nd2+ 61. Kc3 Ke3 62. Rh3+ Nf3 63. Kb3 Rf8 64. Kc3 Rc8+ 65. Kb3 Ke4 66. Kb4 Nd2 67. Rh4+ Kd5 68. Rh5+ Kd4 69. Rh4+ Ne4 70. Rg4 Rb8+ 71. Ka4 Kd5 72. Rh4 Nc5+ 73. Ka3 Rb7 74. Rh5+ Kc4 75. Rh4+ Kc3 76. Rh3+ Nd3 77. Ka4 Kd4 78. Rh4+ Kd5 79. Rh5+ Ne5 80. Ka5 Kd4 81. Ka4 Nd3 82. Rh4+ Kc3 83. Rh3 Rb8 84. Ka5 Kd4 85. Rh4+ Kd5 86. Rh5+ Ne5 87. Rg5 Kd4 88. Rh5 Nc4+ 89. Ka4 Ra8+ 90. Kb4 Rb8+ 91. Ka4 Nb2+ 92. Ka5 Nd3 93. Rh4+ Kd5 94. Rh5+ Ne5 95. Rg5 Kd6 96. Rh5 Nc4+ 97. Ka4 Rb7 98. Rh6+ Kd5 99. Rh5+ Kd4 100. Rh4+ Kd3 1/2-1/2

[Event "FIDE World Blitz-ch Women 2018"]
[Site "St. Petersburg"]
[Date "2018.12.29"]
[Round "8.17"]
[White "Arabidze, Meri"]
[Black "Borisova, Ekaterina"]
[Result "1-0"]
[WhiteElo "2387"]
[BlackElo "2244"]
[Annotator "NA"]
[PlyCount "73"]
[EventDate "2018.12.19"]
[EventType "swiss"]
[EventCountry "RUS"]
[SourceTitle "playchess.com"]
[Source "ChessBase"]
[SourceQuality "1"]

1. Nf3 d5 2. e3 Nf6 3. b3 c6 4. Bb2 Bg4 5. h3 Bh5 6. Be2 Nbd7 7. c4 e6 8. d3 Bd6 9. Nbd2 Qe7 10. Qc2 O-O 11. O-O a5 12. e4 dxe4 13. Nxe4 Nxe4 14. dxe4 e5 15. Rad1 Rfd8 16. Nh4 Qxh4 17. Bxh5 Qxh5 18. Rxd6 Nc5 19. Rfd1 Ne6 20. Rxd8+ Rxd8 21. Rxd8+ Nxd8 22. Qd2 Ne6 23. Qxa5 f6 24. Qa8+ Kf7 25. Qxb7+ Kg6 26. Qc8 Qd1+ 27. Kh2 Ng5 28. Qf5+ Kf7 29. h4 g6 30. Qc8 Nxe4 31. Qc7+ Ke6 32. Qxc6+ Kf5 33. Qc8+ Kf4 34. Qh3 Qe2 35. Bc1+ Nd2 36. Bxd2+ Qxd2 37. Qf3# 1-0

[Event "FIDE World Blitz-ch Women 2018"]
[Site "St. Petersburg"]
[Date "2018.12.29"]
[Round "8.18"]
[White "Ambartsumova, Karina"]
[Black "Charochkina, Daria"]
[Result "1-0"]
[WhiteElo "2383"]
[BlackElo "2344"]
[Annotator "NA"]
[PlyCount "109"]
[EventDate "2018.12.19"]
[EventType "swiss"]
[EventCountry "RUS"]
[SourceTitle "playchess.com"]
[Source "ChessBase"]
[SourceQuality "1"]

1. c4 e5 2. Nc3 Nf6 3. Nf3 Nc6 4. a3 d5 5. cxd5 Nxd5 6. Qc2 Be7 7. e4 Nxc3 8. dxc3 O-O 9. Be2 Kh8 10. b4 f5 11. Bd3 a6 12. exf5 Qe8 13. O-O Qh5 14. Re1 Bxf5 15. Be4 Bd6 16. Bd2 Ne7 17. c4 c6 18. Rad1 Bc7 19. Bc3 Bxe4 20. Qxe4 Rf4 21. Qe2 e4 22. Nd4 Rg4 23. g3 Ng6 24. Ne6 Nh4 25. Bxg7+ Kg8 26. h3 Nf3+ 27. Kg2 Rxg7 28. Nxg7 Nxe1+ 29. Qxe1 Qf3+ 30. Kh2 Rf8 31. Ne6 Qxf2+ 32. Qxf2 Rxf2+ 33. Kg1 Rf7 34. Ng5 Re7 35. Re1 e3 36. Kg2 h6 37. Nf3 Re4 38. Re2 Bd8 39. c5 Bf6 40. Ne1 Re8 41. Nc2 Bb2 42. Kf3 Bc1 43. Nxe3 Bxa3 44. Nc2 Rf8+ 45. Kg4 Bb2 46. Re7 Rf2 47. Ne3 Bc3 48. Rxb7 Re2 49. Nf5 Re4+ 50. Kh5 Re5 51. Kg6 Re6+ 52. Kh5 Re5 53. g4 a5 54. bxa5 Rxc5 55. a6 1-0

[Event "FIDE World Blitz-ch Women 2018"]
[Site "St. Petersburg"]
[Date "2018.12.29"]
[Round "8.19"]
[White "Nguyen, Thi Mai Hung"]
[Black "Paehtz, Elisabeth"]
[Result "1/2-1/2"]
[WhiteElo "2280"]
[BlackElo "2487"]
[Annotator "ChessBase"]
[PlyCount "211"]
[EventDate "2018.12.19"]
[EventType "swiss"]
[EventCountry "RUS"]
[SourceTitle "playchess.com"]
[Source "ChessBase"]
[SourceQuality "1"]

1. d4 d6 2. Nf3 g6 3. g3 Bg7 4. Bg2 Nf6 5. O-O O-O 6. a4 Na6 7. a5 c5 8. Nc3 Bd7 9. e4 cxd4 10. Nxd4 Nc5 11. Re1 Rc8 12. Be3 a6 13. Qd2 Ng4 14. b4 Nxe3 15. Rxe3 Ne6 16. Nxe6 Bxe6 17. Rb1 Qc7 18. Nd5 Bxd5 19. exd5 Bh6 20. f4 Bg7 21. Kh1 Bf6 22. Re2 Qc4 23. Qd3 Qxd3 24. cxd3 Rc3 25. Be4 Rfc8 26. Kg2 Bd4 27. Bf3 Kf8 28. Rd2 Ra3 29. Be2 Rcc3 30. Kf3 Rab3 31. Rdd1 f5 32. Kg2 Kf7 33. Kf3 Kf6 34. Kg2 Ra3 35. Rd2 Rcb3 36. Rdd1 Bc3 37. d4 Rxb1 38. Rxb1 Bxd4 39. Bc4 Rc3 40. Bf1 Rc2+ 41. Kh3 Bg1 42. Bg2 Bd4 43. Bf1 Rb2 44. Rxb2 Bxb2 45. b5 axb5 46. Bxb5 Bc3 47. a6 bxa6 48. Bxa6 g5 49. Kg2 g4 50. h3 gxh3+ 51. Kxh3 e5 52. Kg2 e4 53. Bc8 Bd4 54. Kf1 Kg6 55. Kg2 Bc5 56. Bd7 Bb6 57. Bc8 Ba7 58. Bd7 Bd4 59. Bc8 Kf6 60. Bd7 Bc3 61. Bc8 Be1 62. Bd7 h5 63. Be8 h4 64. gxh4 Bxh4 65. Bd7 Be1 66. Bc8 Bd2 67. Kg3 Bc1 68. Bd7 Bb2 69. Be6 Bc3 70. Bc8 Be1+ 71. Kg2 Kg6 72. Bd7 Bd2 73. Kg3 Bc1 74. Bc8 Bb2 75. Bd7 Bg7 76. Kf2 Bh6 77. Ke3 Kf6 78. Bc8 Bf8 79. Bd7 Be7 80. Bc8 Bd8 81. Bd7 Ba5 82. Bc8 Bb4 83. Bd7 Ba3 84. Kf2 Bc1 85. Kg3 Kg6 86. Bc8 Bd2 87. Bd7 Be1+ 88. Kg2 Bh4 89. Bc8 Bf6 90. Kf2 Bg7 91. Ke3 Bb2 92. Kf2 Kf6 93. Bd7 Bc3 94. Ke3 Bb2 95. Kf2 Kg6 96. Be8+ Kh6 97. Bd7 Kg6 98. Be8+ Kf6 99. Bd7 Bc1 100. Kg3 e3 101. Kf3 e2 102. Kxe2 Bxf4 103. Kf3 Ke5 104. Be6 Bc1 105. Bf7 f4 106. Be6 1/2-1/2

[Event "FIDE World Blitz-ch Women 2018"]
[Site "St. Petersburg"]
[Date "2018.12.29"]
[Round "8.20"]
[White "Maletina, Tatiana"]
[Black "Javakhishvili, Lela"]
[Result "1/2-1/2"]
[WhiteElo "2270"]
[BlackElo "2464"]
[Annotator "ChessBase"]
[PlyCount "145"]
[EventDate "2018.12.19"]
[EventType "swiss"]
[EventCountry "RUS"]
[SourceTitle "playchess.com"]
[Source "ChessBase"]
[SourceQuality "1"]

1. d4 d6 2. e4 Nf6 3. f3 g6 4. c4 Bg7 5. Nc3 O-O 6. Be3 Nc6 7. Nge2 e5 8. d5 Ne7 9. Qd2 a6 10. g4 b5 11. Ng3 bxc4 12. h4 c6 13. Bxc4 cxd5 14. exd5 e4 15. g5 Nd7 16. Ncxe4 Ne5 17. Be2 Nf5 18. f4 Nxg3 19. Nxg3 Ng4 20. Bd4 Bxd4 21. Qxd4 Qa5+ 22. b4 Qa3 23. Ne4 f5 24. gxf6 Bf5 25. Nxd6 Qg3+ 26. Kd2 Rxf6 27. Nxf5 gxf5 28. Bxg4 fxg4 29. Qxf6 Qf2+ 30. Kd3 Qf3+ 31. Kd4 Qf2+ 32. Ke5 Qb2+ 33. Ke6 Re8+ 34. Kd7 Qxf6 35. Kxe8 Qf7+ 36. Kd8 Qxd5+ 37. Kc8 Qc6+ 38. Kb8 Qb6+ 39. Ka8 Qxb4 40. Rhf1 Qe4+ 41. Ka7 a5 42. Rae1 Qd4+ 43. Ka6 Kf7 44. f5 g3 45. f6 g2 46. Rg1 Qxf6+ 47. Kxa5 Qf2 48. a4 Kf6 49. Kb5 Kf5 50. a5 Qb2+ 51. Kc6 Qc2+ 52. Kb6 Qb2+ 53. Kc6 Qa2 54. Kb6 Kg4 55. a6 Qb2+ 56. Kc7 Qc3+ 57. Kb7 Qb4+ 58. Kc7 Qc5+ 59. Kb7 Qb5+ 60. Ka7 Kf3 61. Rb1 Qc5+ 62. Kb7 Qe7+ 63. Kb8 Qd8+ 64. Kb7 Qd5+ 65. Kb8 Qd8+ 66. Kb7 Qd5+ 67. Kb8 Qd6+ 68. Kb7 Qd7+ 69. Kb8 Qd8+ 70. Kb7 Qe7+ 71. Kb8 Qe5+ 72. Kb7 Qe7+ 73. Kb8 1/2-1/2